Письма

Detaylı Bibliyografya
Yazar: Пушкин А. С. Александр Сергеевич
Dil:Rusça
Baskı/Yayın Bilgisi: Москва, Книга, [1989-]
Edisyon:Репр. изд.
Seri Bilgileri:Пушкинская библиотека
Materyal Türü: MixedMaterials Kitap
KOHA link:https://koha.lib.tpu.ru/cgi-bin/koha/opac-detail.pl?biblionumber=157764

MARC

LEADER 00000nam1a2200000 4500
001 157764
005 20240914063124.0
010 |a 521200294X 
035 |a (RuTPU)RU\TPU\book\171122 
090 |a 157764 
100 |a 20090413e1989 m y0rusy50 ca 
101 0 |a rus 
102 |a RU 
200 1 |a Письма  |f А. С. Пушкин 
205 |a Репр. изд. 
210 |a Москва  |c Книга  |d [1989-] 
225 1 |a Пушкинская библиотека 
700 1 |a Пушкин  |b А. С.  |c российский поэт  |c писатель  |f 1799-1837  |g Александр Сергеевич  |7 ca  |8 rus  |2 stltpush  |3 (RuTPU)RU\TPU\pers\1026  |9 453 
801 1 |a RU  |b 63413507  |c 20090413  |g PSBO 
801 2 |a RU  |b 63413507  |c 20090413  |g PSBO 
942 |c BK